000
00290nam a22001217a 4500
008
230627b xxu||||| |||| 00| 0 eng d
082
_a
338.9
_b
BOO 2006
245
_a
Economic Affairs
260
_b
Blackwell Publishing
_c
2006
300
_a
90p
440
_n
2
_v
26
_x
02650665
942
_2
ddc
_c
BK
999
_c
2883
_d
2883